000 01341nam a2200325 i 4500
003 EG-GICUC
005 20260121101525.0
008 251219s1951 ua ||||fr|||| 00| 0 ara d
040 _a EG-GICUC
_bara
_c EG-GICUC
_d EG-GICUC
_erda
041 0 _aara
082 0 4 _221
_a345.3
_bع ث . م
092 0 4 _221
099 _aLaw1 07 345.3 ع ث . م 1 ed - 1951
100 0 _aعثمان خلیل عثمان
_eمؤلف.
245 1 0 _aموجز القانون الإداري :
_bالإدارة العامة، مجلس الدولة، النشاط الإداري /
_cدكتور عثمان خلیل عثمان.
250 _aالطبعة الأولى
264 1 _aالقاهرة :
_bدار الفكر العربي،
_c1951.
300 _a316 ؛صفحة
_c24 سم.
_bإيضاحيات، صور، مثيليات ؛
336 _2rda content
_atext
337 _2rda media
_aComputer
338 _2rda carrier
_aOnline Resource
504 _aيشتمل على إرجاعات ببليوغرافية.
546 _aالنص أغلبه باللغة العربية مع بعض النصوص الفرنسية
650 1 4 _aالنشاط الإداري
_2qrmak
650 1 4 _aالقانون الإداري
_2qrmak
651 1 _2qrmak
856 4 0 _uhttps://fll.law.cu.edu.eg/fulltext/bks/B07-01317.pdf
905 _a32
_eYara
942 _2ddc
_cBK
_e21
_n0
999 _c51768
_d51768